| 000 | 00810nam a2200205 a 4500 | ||
|---|---|---|---|
| 003 | 0 | ||
| 005 | 20250502141913.0 | ||
| 008 | 021114s19uu xx 00 eng d | ||
| 050 |
_aPGS GV 1469.3 _b.T136 2002 |
||
| 100 | _aTakagi, Jiro Whiting. | ||
| 245 |
_aThe negative effects of playing computer games among grade 6 students of Southville International School / _cJiro Whiting Takagi. |
||
| 260 |
_aLas PiƱas City, Philippines : _bSouthville International School and Colleges, _c2002. |
||
| 300 |
_a22 pages : _billustrations ; _c28 cm. |
||
| 504 | _aIncludes bibliographic references. | ||
| 650 |
_aVideo games _vPsychological aspects. |
||
| 650 | _aVideo games and children. | ||
| 650 |
_aComputer games _vHealth aspects. |
||
| 650 |
_aComputer games _vSocial aspects. |
||
| 942 |
_2lcc _cPASS |
||
| 999 |
_c96660 _d96660 |
||